| 000 | 00347cam a2200133ua 4500 | ||
|---|---|---|---|
| 020 | _a9788180141867 | ||
| 082 |
_a631.45 _bSUR/SO |
||
| 100 |
_aSuresh, R . _9255 |
||
| 245 | _aSoil and Water Conservation Engineering / | ||
| 250 | _a4 / 5 | ||
| 260 |
_aNew Delhi : _bStandard Publishers Distributors , _c2004. |
||
| 300 | _a951/1089 | ||
| 942 | _cBK | ||
| 999 |
_c12280 _d12280 |
||